[Event "Steling Colonial op 6th"]
[Site "Sterlig"]
[Date "2025.04.19"]
[Round "4"]
[White "Amrany, Benjamin"]
[Black "Chong, Hanford"]
[Result "1-0"]
[WhiteElo "1956"]
[BlackElo "1856"]
[PlyCount "74"]
[EventDate "2025.04.17"]
[EventType "swiss"]
[EventRounds "7"]
[EventCountry "USA"]
[SourceTitle "CB17_2025"]
[SourceDate "2025.04.23"]
[SourceVersion "1"]
[SourceVersionDate "2025.04.23"]
[SourceQuality "1"]

1. e4 e5 2. Nf3 Nc6 3. Bb5 d6 4. 0-0 Bd7 5. c3 Nf6 6. Re1 Be7 7. d4 0-0 8. d5 Nb8 9. Bxd7 Nbxd7 10. Nbd2 c6 11. dxc6 bxc6 12. Nf1 Qc7 13. Bg5 Rfe8 14. Ng3 Nf8 15. Nf5 Rad8 16. Bh6 Ne6 17. Bxg7 Nxg7 18. Nh6+ Kf8 19. Ng5 Ne6 20. Nhxf7 Nxg5 21. Nxg5 Qd7 22. f4 Ng4 23. Nxh7+ Kg7 24. f5 Kxh7 25. Qxg4 Rg8 26. Qh5+ Kg7 27. Re3 Kf8 28. Qh6+ Kf7 29. f6 Bxf6 30. Rf1 Rg6 31. Qh7+ Rg7 32. Rxf6+ Kxf6 33. Rf3+ Kg5 34. Rg3+ Kf4 35. Qh4+ Qg4 36. Qf6+ Kxe4 37. Rxg4+ Kd5 1-0

[Event "US op 124th"]
[Site "Norfolk"]
[Date "2024.07.28"]
[Round "2"]
[White "Adewumi, Tanitoluwa"]
[Black "Amrany, Benjamin"]
[Result "1-0"]
[WhiteElo "2386"]
[BlackElo "1798"]
[PlyCount "29"]
[EventDate "2024.07.27"]
[EventType "swiss"]
[EventRounds "9"]
[EventCountry "USA"]
[SourceTitle "EXT 2025"]
[Source "ChessBase"]
[SourceDate "2024.10.14"]
[SourceVersion "1"]
[SourceVersionDate "2024.10.14"]
[SourceQuality "1"]

1. d4 d5 2. Nf3 Nf6 3. c4 e6 4. Nc3 c6 5. Qd3 dxc4 6. Qxc4 Nbd7 7. e4 c5 8. Bf4 Nb6 9. Qb3 Nh5 10. Bg5 f6 11. Be3 cxd4 12. Bxd4 Bd7 13. Bb5 e5 14. Bxb6 axb6 15. Rd1 1-0